Buckshot Roulete Items - Statistics

General Stats
  • This quiz has been taken 10 times
  • The average score is 9 of 13
Answer Stats
Hint Answer % Correct
Steal an item and use it immediately. Adrenaline
100%
Racks the shotgun. Ejects current shell. Beer
100%
Shotgun deals 2 damage. Hand Saw
100%
Check the current round in the chamber. Magnifying Glass
100%
A mysterious voice gives you insight into the future. Burner Phone
86%
50% chance of gaining 2 charges. If not, lose 1 charge. Expired Medicine
86%
Dealer skips the next turn. Handcuffs
86%
Shooting yourself with a blank skips the dealer's turn. Shotgun
71%
Takes the edge off. Regain 1 charge. Cigarette Pack
57%
Swaps the polarity of the current shell in the chamber. Inverter
57%
Selected opponent skips their next turn. Jammer
43%
Swaps the current turn order. Remote
43%
Please sign the waiver. General Release of Liability
14%
No matching quizzes found
Score Distribution
Percent of People with Each Score
Percentile by Number Answered
Your Score History
You have not taken this quiz